| 000 | 00851cam a22002411 4500 | ||
|---|---|---|---|
| 001 | med47001005 | ||
| 003 | DLC | ||
| 005 | 20260227111601.0 | ||
| 008 | 791019s1947 ksu 000 0 eng | ||
| 010 | _amed47001005 | ||
| 035 | _a(OCoLC)5539879 | ||
| 040 |
_aDLC _cOBgU _dDLC |
||
| 042 | _apremarc | ||
| 050 | 0 | 0 |
_aRC881 _b.C37 |
| 082 | _a616.6 | ||
| 100 | 1 |
_aCauldwell, David O., _d1896- |
|
| 245 | 1 | 0 |
_aHypersexuality - - - is anyone oversexed? _bViewpoints of physiologists, psychiatrists, and sociologists on precocious sexuality and nymphomania ... |
| 260 |
_aGirard, Kan., _bHaldeman-Julius pubns, _c[1947] |
||
| 300 |
_a32 p. _c22 cm. |
||
| 500 | _aEdited by E. Haldeman-Julius ; includes his "Notes and comments ... reprinted from The American freeman." | ||
| 650 | 0 | _aSex. | |
| 700 | 2 |
_aHaldeman-Julius, E. _q(Emanuel), _d1888-1951, _eed. |
|
| 999 |
_c38238 _d38238 |
||